Electric Type Pokémon Trivia - Statistics

General Stats
  • This quiz has been taken 27 times
  • The average score is 11 of 20
Answer Stats
Hint Answer % Correct
Which Generation introduced the most Electric types? IX
100%
How many Electric types can Mega Evolve? 2 - Ampharos, Manectric
79%
The only generation that didn't introduce any dual-type Electric-types III
79%
Oricorio's Electric type form Pom-Pom Style
74%
The Electric type Legendary Giant Regieleki
74%
An Electric type that did not learn any Electric type attacks in Gen 1 via level up Voltorb, Electrode
74%
Miraidon's highest Base stat Special Attack, Speed - 135
68%
A held item that boosts the holder's Defense in Electric Terrain Electric Seed
63%
Guess the move - Power:20 / Accuracy:100% / PP:20 (without PP ups) Nuzzle
63%
Wildbolt Storm is the signature move of which Electric type? Thundurus
63%
The name of the Electric type Plate associated with Arceus Zap Plate
63%
The Ability which allows a Pokémon to take no damage when hit by Electric-type moves, boosting it's Speed stat instead. Motor Drive
58%
Which Pokémon has the highest Base stat total amongst all Electric types Zekrom
58%
This Electric type is dual type, has the highest Special Attack stat amongst all Pokémon with it's other type, evolved via Thunder Stone, it's Speed is the lowest of it's Base stats Vikavolt
53%
Alolan Raichu's signature Z-Move Stoked Sparksurfer
47%
Iono is the Leader for which Gym? Levincia Gym
42%
The movie in which Zeraora made it's Anime debut The Power of Us
26%
The Electric type with the lowest Base Speed stat Pincurchin
21%
An Electric type that can learn Fire Blast via level up or TM/TR Dracozolt, Iron Thorns
16%
The Electric type with a unique effort value yield of 1 Special Attack and 2 Speed Raikou
11%
No matching quizzes found
Score Distribution
Percent of People with Each Score
Percentile by Number Answered
Your Score History
You have not taken this quiz